Early days of the Jesuit Zambesi Mission 1880-1900 (Record no. 123940)
[ view plain ]
| 000 -LEADER | |
|---|---|
| fixed length control field | 00668nam a22001937a 4500 |
| 005 - DATE AND TIME OF LATEST TRANSACTION | |
| control field | 20160203151415.0 |
| 008 - FIXED-LENGTH DATA ELEMENTS--GENERAL INFORMATION | |
| fixed length control field | 160118b xxu||||| |||| 00| 0 eng d |
| 050 ## - LIBRARY OF CONGRESS CALL NUMBER | |
| Classification number | BX3747.Z3 |
| Item number | W433 |
| 100 ## - MAIN ENTRY--PERSONAL NAME | |
| Personal name | Weisskopf, John |
| 9 (RLIN) | 21506 |
| 245 ## - TITLE STATEMENT | |
| Title | Early days of the Jesuit Zambesi Mission 1880-1900 |
| Statement of responsibility, etc | by Weisskopf, John |
| 260 ## - PUBLICATION, DISTRIBUTION, ETC. (IMPRINT) | |
| Place of publication, distribution, etc | Harare |
| Name of publisher, distributor, etc | Jesuit Province of Zimbabwe-Mozambique |
| Date of publication, distribution, etc | 2015 |
| 300 ## - PHYSICAL DESCRIPTION | |
| Extent | 135p.; |
| Dimensions | 21cm. |
| 500 ## - GENERAL NOTE | |
| General note | Computer printout |
| 651 ## - SUBJECT ADDED ENTRY--GEOGRAPHIC NAME | |
| Geographic name | Chishawasha Mission (Zimbabwe) |
| General subdivision | History |
| 9 (RLIN) | 21507 |
| 651 ## - SUBJECT ADDED ENTRY--GEOGRAPHIC NAME | |
| Geographic name | Zambesi Mission |
| General subdivision | History |
| 9 (RLIN) | 21508 |
| 700 ## - ADDED ENTRY--PERSONAL NAME | |
| Personal name | Richartz, Francis |
| Relator term | ed. |
| 9 (RLIN) | 21985 |
| 700 ## - ADDED ENTRY--PERSONAL NAME | |
| Personal name | Jongeling, Bas |
| Relator term | tr. |
| 9 (RLIN) | 21986 |
| 942 ## - ADDED ENTRY ELEMENTS (KOHA) | |
| Source of classification or shelving scheme | Library of Congress Classification |
| Item type | Monograph ( Printed materials) |
| Withdrawn status | Lost status | Source of classification or shelving scheme | Damaged status | Not for loan | Collection code | Home library | Current library | Shelving location | Date acquired | Total Checkouts | Full call number | Barcode | Date last seen | Date last borrowed | Price effective from | Koha item type |
|---|---|---|---|---|---|---|---|---|---|---|---|---|---|---|---|---|
| Library of Congress Classification | Main Collection | ARRUPE LIBRARY | ARRUPE LIBRARY | Main Collection | 18/01/2016 | 1 | BX3747.Z3W433 | 46500005815 | 22/11/2017 | 15/02/2016 | 18/01/2016 | Monograph ( Printed materials) |